[Event "Lone Pine op Louis D. Statham Masters"]
[Site "Lone Pine"]
[Date "1980.03.17"]
[Round "1"]
[White "Reshevsky, Samuel Herman"]
[Black "Balashov, Yuri S"]
[Result "0-1"]
[WhiteElo "2490"]
[BlackElo "2600"]
[PlyCount "94"]
[EventDate "1980.03.17"]
[EventType "swiss"]
[EventRounds "9"]
[EventCountry "USA"]
[SourceTitle "MCD"]
[Source "ChessBase"]
[SourceDate "1999.07.01"]
[SourceVersion "1"]
[SourceVersionDate "1999.07.01"]
[SourceQuality "1"]

1. d4 Nf6 2. c4 e6 3. Nc3 Bb4 4. e3 O-O 5. Nge2 d5 6. a3 Be7 7. cxd5 Nxd5 8.
Nxd5 exd5 9. Nf4 c6 10. Bd3 Nd7 11. b4 Nf6 12. O-O a6 13. f3 Re8 14. g4 Bd6 15.
Rf2 a5 16. b5 c5 17. Rg2 cxd4 18. exd4 Qc7 19. Ne2 Be6 20. Qe1 Nd7 21. f4 Nf6
22. f5 Bd7 23. Rb1 Ne4 24. b6 Qd8 25. Qf1 Qf6 26. Kh1 Rac8 27. Bb5 Qe7 28. Bxd7
Qxd7 29. Qf3 Rc4 30. g5 a4 31. f6 g6 32. Bf4 Qf5 33. Rf1 Bxf4 34. Qxf4 Qxf4 35.
Nxf4 Rxd4 36. Rc1 Nxg5 37. Ne2 Rde4 38. Rxg5 Rxe2 39. Rc7 Rf2 40. Rxb7 h6 41.
Kg1 Rb2 42. Re7 Rd8 43. Rge5 Rxb6 44. Re8+ Rxe8 45. Rxe8+ Kh7 46. Ra8 Rxf6 47.
Rxa4 Rf3 0-1

[Event "Lone Pine op Louis D. Statham Masters"]
[Site "Lone Pine"]
[Date "1980.03.23"]
[Round "7"]
[White "Balashov, Yuri S"]
[Black "Torre, Eugenio"]
[Result "1-0"]
[WhiteElo "2600"]
[BlackElo "2520"]
[PlyCount "109"]
[EventDate "1980.03.17"]
[EventType "swiss"]
[EventRounds "9"]
[EventCountry "USA"]
[SourceTitle "MCD"]
[Source "ChessBase"]
[SourceDate "1999.07.01"]
[SourceVersion "1"]
[SourceVersionDate "1999.07.01"]
[SourceQuality "1"]

1. e4 e5 2. Nf3 Nc6 3. Bb5 a6 4. Ba4 Nf6 5. O-O Be7 6. Re1 b5 7. Bb3 d6 8. a4
Na5 9. Ba2 c5 10. c3 c4 11. d3 Bd7 12. Na3 O-O 13. Bg5 Qc7 14. axb5 axb5 15.
Qe2 Rfc8 16. Nd2 cxd3 17. Qxd3 Qb6 18. Nc2 Nb7 19. Bxf6 Bxf6 20. Nb4 Nc5 21.
Qe2 Ne6 22. Nf1 Bg5 23. Rad1 Rd8 24. g3 Bh6 25. h4 Nc7 26. Qh5 Be6 27. Bd5 Nxd5
28. Nxd5 Qb7 29. Nf6+ Kh8 30. Ne3 Qe7 31. Nfd5 Qf8 32. Nf5 g6 33. Qxh6 gxf5 34.
Qxf8+ Rxf8 35. Nc7 Ra2 36. Rxd6 Rxb2 37. exf5 Bxf5 38. Rxe5 Bg4 39. Kg2 b4 40.
Rd4 Bc8 41. Rxb4 Rc2 42. c4 Rd8 43. Rd5 Rg8 44. c5 Bg4 45. Rf4 Bc8 46. Rb4 Rf8
47. Rb6 Be6 48. Nxe6 fxe6 49. Rxe6 Rcxf2+ 50. Kh3 Rg8 51. Re3 Rc2 52. Rh5 Rg6
53. Re8+ Kg7 54. Re7+ Kf6 55. Rhxh7 1-0

[Event "Olympiad-24"]
[Site "Valetta"]
[Date "1980.11.26"]
[Round "6"]
[White "Van der Wiel, John"]
[Black "Balashov, Yuri S"]
[Result "0-1"]
[WhiteElo "2465"]
[BlackElo "2600"]
[PlyCount "64"]
[EventDate "1980.11.20"]
[EventType "team-swiss"]
[EventRounds "14"]
[EventCountry "MLT"]
[SourceTitle "EXT 2000"]
[Source "ChessBase"]
[SourceDate "1999.11.16"]
[SourceVersion "1"]
[SourceVersionDate "1999.11.16"]
[SourceQuality "1"]
[WhiteTeam "Netherlands"]
[BlackTeam "Soviet Union"]
[WhiteTeamCountry "NED"]
[BlackTeamCountry "URS"]

1. e4 c6 2. d4 d5 3. Nd2 dxe4 4. Nxe4 Nd7 5. Bc4 Ngf6 6. Ng5 e6 7. Qe2 Nb6 8.
Bd3 h6 9. N5f3 c5 10. dxc5 Nbd7 11. b4 b6 12. Nd4 Nd5 13. Bb2 Nxb4 14. Be4 Ba6
15. Qf3 Nxc5 16. Bxa8 Nxc2+ 17. Nxc2 Nd3+ 18. Kd2 Nxb2+ 19. Kc1 Nd3+ 20. Kb1
Bc5 21. Nh3 O-O 22. Be4 Ne5 23. Qc3 Qd6 24. f4 Nc4 25. Bd3 Na3+ 26. Nxa3 Bxd3+
27. Nc2 Bb4 28. Qb3 Rc8 29. Rd1 Rc3 30. Nf2 Rxb3+ 31. axb3 Bxc2+ 32. Kxc2 Qc5+
0-1

[Event "Olympiad-24"]
[Site "Valetta"]
[Date "1980.12.03"]
[Round "12"]
[White "Balashov, Yuri S"]
[Black "Debarnot, Roberto Luis"]
[Result "1-0"]
[WhiteElo "2600"]
[BlackElo "2430"]
[PlyCount "69"]
[EventDate "1980.11.20"]
[EventType "team-swiss"]
[EventRounds "14"]
[EventCountry "MLT"]
[SourceTitle "EXT 2000"]
[Source "ChessBase"]
[SourceDate "1999.11.16"]
[SourceVersion "1"]
[SourceVersionDate "1999.11.16"]
[SourceQuality "1"]
[WhiteTeam "Soviet Union"]
[BlackTeam "Argentina"]
[WhiteTeamCountry "URS"]
[BlackTeamCountry "ARG"]

1. e4 e6 2. d4 d5 3. Nc3 Nf6 4. Bg5 dxe4 5. Nxe4 Be7 6. Bxf6 gxf6 7. Nf3 b6 8.
Bc4 c6 9. Qe2 a5 10. Bd3 Na6 11. a3 Nc7 12. c4 h5 13. Rd1 Kf8 14. O-O h4 15.
Nc3 Rb8 16. Be4 Qd6 17. d5 cxd5 18. cxd5 Ba6 19. Bd3 Bxd3 20. Rxd3 Nxd5 21.
Nxd5 exd5 22. Rfd1 Qe6 23. Re3 Qd7 24. Nd4 Bc5 25. Qf3 Bxd4 26. Rxd4 Rc8 27.
Re1 Re8 28. Red1 Qe6 29. h3 Rg8 30. Rxd5 Qe4 31. Qxe4 Rxe4 32. R5d4 Re2 33.
Rxh4 Rg5 34. b4 Rf5 35. Rh8+ 1-0

[Event "Olympiad-24"]
[Site "Valetta"]
[Date "1980.12.06"]
[Round "14"]
[White "Balashov, Yuri S"]
[Black "Fedder, Steen"]
[Result "1-0"]
[WhiteElo "2600"]
[BlackElo "2410"]
[PlyCount "80"]
[EventDate "1980.11.20"]
[EventType "team-swiss"]
[EventRounds "14"]
[EventCountry "MLT"]
[SourceTitle "EXT 2000"]
[Source "ChessBase"]
[SourceDate "1999.11.16"]
[SourceVersion "1"]
[SourceVersionDate "1999.11.16"]
[SourceQuality "1"]
[WhiteTeam "Soviet Union"]
[BlackTeam "Denmark"]
[WhiteTeamCountry "URS"]
[BlackTeamCountry "DEN"]

1. e4 c5 2. Nf3 d6 3. d4 cxd4 4. Nxd4 Nf6 5. Nc3 a6 6. Be3 e6 7. Be2 Qc7 8. g4
Be7 9. g5 Nfd7 10. h4 Nc6 11. f4 Na5 12. Nb3 b5 13. Qd4 Rg8 14. O-O-O Rb8 15.
Kb1 Nc6 16. Qd2 Nc5 17. e5 Nxb3 18. axb3 d5 19. Bf3 Bb4 20. Qd3 Ne7 21. Na2 Bc5
22. Bxc5 Qxc5 23. Qxh7 Bb7 24. h5 Kd7 25. Qd3 Rbd8 26. Nc3 Kc7 27. Ne2 Rh8 28.
Nd4 Nc6 29. c3 Nxd4 30. cxd4 Qb4 31. Rc1+ Kb6 32. Rc3 Rc8 33. Rhc1 Rxc3 34.
Rxc3 Bc6 35. Qd2 a5 36. Kc1 Bd7 37. Bd1 Bc6 38. Qe3 Bd7 39. Rc5 Bc6 40. Bf3 Rd8
1-0

[Event "Moscow"]
[Site "Moscow"]
[Date "1981.04.??"]
[Round "10"]
[White "Balashov, Yuri S"]
[Black "Smejkal, Jan"]
[Result "1-0"]
[WhiteElo "2600"]
[BlackElo "2535"]
[Annotator "Belov,I"]
[PlyCount "67"]
[EventDate "1981.04.08"]
[EventType "tourn"]
[EventRounds "13"]
[EventCountry "URS"]
[EventCategory "15"]
[SourceTitle "MCL"]
[Source "ChessBase"]
[SourceDate "1999.07.01"]
[SourceVersion "1"]
[SourceVersionDate "1999.07.01"]
[SourceQuality "1"]

1. e4 e5 2. Nc3 Nc6 3. Bc4 Nf6 4. d3 Bc5 (4... Na5 5. Nge2 Nxc4 6. dxc4 Bc5 7.
O-O d6 8. Qd3 c6 9. b3 Be6 10. Na4 $14 {Short,N-Karpov,An/Tilburg/1991/0,5 (47)
Inf 53/288/}) (4... Bb4 5. Nf3 d6 6. O-O Bxc3 7. bxc3 Bg4 8. h3 Bh5 9. Bb3 Nd7
10. Be3 $14 {Larsen,B-Davies,N/London/1989/1:0 (40) Inf 47/386/}) 5. Nf3 (5.
Bg5 h6 6. Bh4 (6. Be3 Bb6 7. Bxb6 axb6 8. Nge2 Na5 9. O-O O-O 10. a4 Nxc4 11.
dxc4 d6 $10 {Larsen,B-Plaskett,J/Copenhagen/1985/0,5 (41) Inf 39/380/}) 6... d6
7. Na4 Bb6 8. Nxb6 axb6 9. f3 Na5 (9... Be6 $142 $10) 10. Ne2 Nxc4 11. dxc4 Be6
12. b3 $14 {Rogers,I-Davies,N/London/1991/1:0 (32) Inf 52/297/}) 5... d6 6. Bg5
h6 7. Bxf6 $1 Qxf6 8. Nd5 Qd8 9. c3 a6 (9... Ne7 10. d4 Nxd5 11. dxc5 Nf4 12.
g3 Nh3 13. Bb5+ Bd7 14. Bxd7+ Qxd7 15. cxd6 Qxd6 16. Qxd6 cxd6 17. Rd1 Ke7 18.
Ke2 $14 {Ivanovic,B-Smejkal,J/Novi Sad(ol)/1990/}) (9... O-O $5 10. b4 Bb6 11.
a4 a5 12. Nxb6 cxb6 13. bxa5 Nxa5 14. Bd5 Qc7 15. c4 Bg4 $10 {Ivanovic,B-Anand,
V/Manila(izt)/1990/Inf 50/(340)/}) 10. d4 exd4 $6 (10... Ba7 11. dxe5 (11. h3
O-O 12. O-O Be6 13. Bb3 Qd7 14. Re1 Rae8 15. dxe5 Nxe5 $10 {Ivanovic,
B-Hjartarson,J/Novi Sad(ol)/1990/}) 11... dxe5 12. Qe2 Bc5 13. O-O-O Bd6 14.
Rd2 O-O 15. Rhd1 $14 {Kholmov,R-Tseilin,Mi/Voskresensk/1990/1:0 (38) Inf 50/
340/}) 11. cxd4 Ba7 12. h3 $1 O-O 13. O-O Be6 $6 (13... Ne7 $142 14. Nxe7+ Qxe7
15. Re1 Be6 $14) 14. Rc1 $1 $16 Rc8 (14... Ne7 15. Nxc7 $1 Qxc7 16. Bxe6 $16) (
14... Bxd5 15. Bxd5 Na5 16. a3 c6 17. Ba2 $16) (14... Bd7 $5) 15. Bxa6 bxa6 (
15... Nxd4 16. Nxd4 Bxd4 17. Bxb7 $16) 16. Rxc6 Bxd5 17. exd5 Bb6 18. Qd3 a5
19. Re1 a4 $6 (19... Qd7 $5) 20. Re3 Ra8 21. Qc2 {>< a4/} (21. Nd2 $5 Qf6 22.
Nc4 $16) 21... Ra5 22. Ra3 Re8 23. Rxa4 Rxd5 24. Rc3 c5 25. dxc5 dxc5 (25...
Bxc5 26. b4 Bb6 27. Ra6 $18) 26. Re4 Rd1+ 27. Kh2 Rxe4 28. Qxe4 g6 29. g3 Qf6
30. Kg2 Kg7 31. Qe2 Ra1 32. a3 Qc6 $2 33. b4 $1 $18 Qa8 34. Qb2 1-0

[Event "URS-chT Republics 15th final A"]
[Site "Moscow"]
[Date "1981.05.??"]
[Round "2.2"]
[White "Balashov, Yuri S"]
[Black "Gipslis, Aivars P"]
[Result "1-0"]
[WhiteElo "2600"]
[BlackElo "2470"]
[PlyCount "55"]
[EventDate "1981.05.16"]
[EventType "team-tourn"]
[EventRounds "9"]
[EventCountry "URS"]
[SourceTitle "EXT 2015"]
[Source "ChessBase"]
[SourceDate "2014.11.20"]
[SourceVersion "1"]
[SourceVersionDate "2014.11.20"]
[SourceQuality "1"]
[WhiteTeam "Moscow"]
[BlackTeam "Latvia"]
[WhiteTeamCountry "RUS"]
[BlackTeamCountry "LAT"]

1. e4 Nf6 2. Nc3 d6 3. d4 g6 4. f4 Bg7 5. Nf3 O-O 6. Be3 Nbd7 7. Qd2 c5 8.
O-O-O cxd4 9. Bxd4 e5 10. fxe5 Ng4 11. Kb1 Ngxe5 12. Bb5 Nxf3 13. gxf3 Ne5 14.
Be2 Be6 15. f4 Bh6 16. h4 Nc6 17. Be3 Bg7 18. f5 gxf5 19. Bh6 Be5 20. exf5 Bxf5
21. Bxf8 Kxf8 22. Rhf1 Nd4 23. Bd3 Be6 24. Qh6+ Ke7 25. Be4 Qh8 26. Nd5+ Kd7
27. c3 Bg7 28. Qh5 1-0

[Event "Moscow-ch60"]
[Site "Moscow"]
[Date "1982.02.??"]
[Round "?"]
[White "Balashov, Yuri S"]
[Black "Antoshin, Vladimir S"]
[Result "1-0"]
[WhiteElo "2595"]
[BlackElo "2360"]
[PlyCount "77"]
[EventDate "1982.02.??"]
[EventType "tourn"]
[EventRounds "17"]
[EventCountry "URS"]
[EventCategory "8"]
[SourceTitle "MCD"]
[Source "ChessBase"]
[SourceDate "1999.07.01"]
[SourceVersion "1"]
[SourceVersionDate "1999.07.01"]
[SourceQuality "1"]

1. d4 d5 2. c4 c6 3. Nf3 Nf6 4. Nc3 e6 5. Bg5 h6 6. Bxf6 Qxf6 7. e3 Bb4 8. Rc1
Nd7 9. a3 Bxc3+ 10. Rxc3 O-O 11. cxd5 exd5 12. Bd3 Re8 13. O-O Nf8 14. Ne5 Ng6
15. Bxg6 fxg6 16. Qd2 g5 17. f3 Bf5 18. b4 Rad8 19. a4 Qd6 20. Rc5 Rc8 21. Rfc1
Bd7 22. Qb2 b6 23. R5c2 c5 24. bxc5 bxc5 25. Qa3 Bf5 26. Rxc5 g4 27. R1c3 Qa6
28. Rxc8 Bxc8 29. fxg4 Rf8 30. Qc1 Be6 31. h3 Qxa4 32. Ra3 Qb5 33. Rxa7 Qe2 34.
Nf3 h5 35. Ng5 Rc8 36. Rxg7+ Kh8 37. Rh7+ Kg8 38. Qa3 h4 39. Rxh4 $138 1-0

[Event "Moscow-ch60"]
[Site "Moscow"]
[Date "1982.02.??"]
[Round "?"]
[White "Kremenietsky, Anatoly M"]
[Black "Balashov, Yuri S"]
[Result "0-1"]
[WhiteElo "2385"]
[BlackElo "2595"]
[PlyCount "68"]
[EventDate "1982.02.??"]
[EventType "tourn"]
[EventRounds "17"]
[EventCountry "URS"]
[EventCategory "8"]
[SourceTitle "MCD"]
[Source "ChessBase"]
[SourceDate "1999.07.01"]
[SourceVersion "1"]
[SourceVersionDate "1999.07.01"]
[SourceQuality "1"]

1. e4 e5 2. Nf3 Nc6 3. Bb5 a6 4. Ba4 Nf6 5. O-O Be7 6. Bxc6 dxc6 7. Nc3 Bg4 8.
h3 Bh5 9. Qe2 Nd7 10. Nd1 Nc5 11. d3 Ne6 12. g4 Bg6 13. Be3 Bd6 14. Qd2 h5 15.
g5 h4 16. Nc3 Rh5 17. Kh2 Qd7 18. Rg1 O-O-O 19. Ne2 Bh7 20. Ne1 f5 21. g6 Bg8
22. f3 f4 23. Bf2 Ng5 24. Rg4 Be6 25. Rxh4 Rdh8 26. Rxh5 Rxh5 27. h4 Nh3 28.
Ng1 Nxf2 29. Qxf2 Qe8 30. Ng2 Qxg6 31. Ne2 Be7 32. Rh1 Bxh4 33. Qxh4 Rxh4+ 34.
Nxh4 Qg5 0-1

[Event "Minsk International"]
[Site "Minsk"]
[Date "1982.05.21"]
[Round "11"]
[White "Balashov, Yuri S"]
[Black "Marjanovic, Slavoljub"]
[Result "1-0"]
[WhiteElo "2595"]
[BlackElo "2515"]
[PlyCount "115"]
[EventDate "1982.05.07"]
[EventType "tourn"]
[EventRounds "15"]
[EventCountry "URS"]
[EventCategory "11"]
[SourceTitle "MCL"]
[Source "ChessBase"]
[SourceDate "1999.07.01"]
[SourceVersion "1"]
[SourceVersionDate "1999.07.01"]
[SourceQuality "1"]

1. e4 c5 2. Nf3 d6 3. d4 cxd4 4. Nxd4 Nf6 5. Nc3 a6 6. Be2 e5 7. Nb3 Be7 8. O-O
Be6 9. Be3 O-O 10. Qd2 Nbd7 11. a4 Rc8 12. a5 Qc7 13. Rfc1 Kh8 14. Bf3 Rg8 15.
Nd5 Bxd5 16. exd5 g5 17. c4 g4 18. Be2 Ne4 19. Qc2 f5 20. Nd2 Nxd2 21. Bxd2 Bg5
22. b4 Bxd2 23. Qxd2 Nf6 24. c5 Ne4 25. Qb2 dxc5 26. bxc5 Qg7 27. Bd3 Ng5 28.
Kh1 e4 29. Qxg7+ Rxg7 30. Bf1 Rgc7 31. c6 Kg7 32. h4 gxh3 33. cxb7 Rxc1 34.
Rxc1 Rxc1 35. b8=Q Rxf1+ 36. Kh2 hxg2 37. Kxg2 Rd1 38. Qb7+ Kf6 39. Qxa6+ Ke5
40. Qe2 Rxd5 41. Qb2+ Kd6 42. a6 Ne6 43. a7 Nc7 44. Qb6+ Kd7 45. Qxc7+ Kxc7 46.
a8=Q Kd6 47. Kg3 Rd3+ 48. Kf4 Rf3+ 49. Kg5 Kc5 50. Qa4 Kd5 51. Qb4 Ke5 52. Qc5+
Ke6 53. Qd4 h6+ 54. Kxh6 e3 55. Qb6+ Ke5 56. fxe3 f4 57. Qd4+ Kf5 58. Qd5+ 1-0

[Event "Minsk International"]
[Site "Minsk"]
[Date "1982.05.28"]
[Round "15"]
[White "Balashov, Yuri S"]
[Black "Chandler, Murray G"]
[Result "1-0"]
[WhiteElo "2595"]
[BlackElo "2470"]
[PlyCount "113"]
[EventDate "1982.05.07"]
[EventType "tourn"]
[EventRounds "15"]
[EventCountry "URS"]
[EventCategory "11"]
[SourceTitle "MCL"]
[Source "ChessBase"]
[SourceDate "1999.07.01"]
[SourceVersion "1"]
[SourceVersionDate "1999.07.01"]
[SourceQuality "1"]

1. e4 c5 2. Nf3 d6 3. d4 cxd4 4. Nxd4 Nf6 5. Nc3 a6 6. Bg5 e6 7. f4 Qc7 8. Qf3
b5 9. Bxf6 gxf6 10. e5 Bb7 11. Qh5 dxe5 12. Nxe6 Qb6 13. Nxf8 Qe3+ 14. Qe2 Qxf4
15. Nxh7 Rxh7 16. g3 Qb4 17. O-O-O Bxh1 18. Qd3 Nc6 19. Qxh7 Nd4 20. Bd3 Bf3
21. Rf1 Rd8 22. g4 Qf8 23. Kb1 Rd6 24. h4 f5 25. g5 e4 26. Re1 Kd8 27. Bf1 Rg6
28. Ne2 Bxe2 29. Bxe2 Nxe2 30. Rxe2 Qd6 31. Re1 Qd2 32. Rc1 Ke7 33. Qh5 Rd6 34.
g6 fxg6 35. Qh7+ Kd8 36. Qg8+ Kc7 37. c4 Rc6 38. c5 Qd3+ 39. Ka1 Qd7 40. Qb3 f4
41. Rd1 Qe7 42. a3 Rxc5 43. Qg8 Kb7 44. Qxg6 f3 45. Qg4 Rc7 46. Qf4 Qe6 47. Qe3
Rf7 48. Rd2 Rh7 49. Qf4 Rc7 50. Kb1 Qc6 51. Qe3 Rh7 52. Qd4 Re7 53. Qe3 Qb6 54.
Rd4 Qf6 55. Rd2 Qxh4 56. Qc5 Qf6 57. Rd6 1-0

[Event "URS-chT Cup 12th"]
[Site "Kislovodsk"]
[Date "1982.06.??"]
[Round "5"]
[White "Tukmakov, Vladimir B"]
[Black "Balashov, Yuri S"]
[Result "0-1"]
[WhiteElo "2500"]
[BlackElo "2595"]
[PlyCount "148"]
[EventDate "1982.06.??"]
[EventType "team-tourn"]
[EventRounds "7"]
[EventCountry "URS"]
[SourceTitle "EXT 2020"]
[Source "ChessBase"]
[SourceDate "2019.10.17"]
[SourceVersion "1"]
[SourceVersionDate "2019.10.17"]
[SourceQuality "1"]
[WhiteTeam "Soviet Army"]
[BlackTeam "Burevestnik"]
[WhiteTeamCountry "URS"]
[BlackTeamCountry "URS"]

1. d4 Nf6 2. c4 e6 3. Nf3 d5 4. Nc3 Be7 5. Bf4 O-O 6. e3 c5 7. dxc5 Bxc5 8. Qc2
Nc6 9. Rd1 Qa5 10. a3 Be7 11. Nd2 e5 12. Nb3 Qb6 13. Bg5 d4 14. Bxf6 Bxf6 15.
Nd5 Qd8 16. Bd3 g6 17. exd4 Nxd4 18. Nxd4 exd4 19. Nxf6+ Qxf6 20. O-O Bg4 21.
f3 Bd7 22. Rf2 Rfe8 23. Rfd2 Rad8 24. Be4 Bc6 25. Bxc6 bxc6 26. c5 Re3 27. Qc4
Qe5 28. Kf2 d3 29. Rxd3 Rexd3 30. Rxd3 Qxb2+ 31. Kg3 Qe5+ 32. Kf2 Rxd3 33. Qxd3
Qxc5+ 34. Kg3 a5 35. h4 h5 36. Kf4 Qe7 37. g3 Qc7+ 38. Ke3 Qxg3 39. Qd8+ Kh7
40. Qxa5 Qxh4 41. Qc7 Qe1+ 42. Kf4 Qc1+ 43. Kg3 Qg5+ 44. Kf2 Qc5+ 45. Kg3 Kg7
46. a4 h4+ 47. Kxh4 Qd4+ 48. Kg5 c5 49. a5 c4 50. f4 c3 51. a6 Qg1+ 52. Kh4
Qh2+ 53. Kg4 Qg2+ 54. Kh4 c2 55. a7 Qh2+ 56. Kg4 Qg1+ 57. Kh3 c1=Q 58. Qxc1
Qxc1 59. a8=Q Qxf4 60. Qa1+ Qf6 61. Qa4 Qf3+ 62. Kh2 g5 63. Qb5 Qf2+ 64. Kh1
Qe1+ 65. Kg2 Qe4+ 66. Kh2 Kg6 67. Qd7 f5 68. Qd8 Qe5+ 69. Kg2 Qe6 70. Qh8 f4
71. Qd4 Qe2+ 72. Kh1 Qf3+ 73. Kh2 Qg3+ 74. Kh1 Qh3+ 0-1

[Event "URS 60 years rap"]
[Site "Moscow"]
[Date "1982.12.07"]
[Round "?"]
[White "Balashov, Yuri S"]
[Black "Jussupow, Artur"]
[Result "1-0"]
[WhiteElo "2595"]
[BlackElo "2555"]
[PlyCount "83"]
[EventDate "1982.12.07"]
[EventType "tourn (rapid)"]
[EventRounds "15"]
[EventCountry "URS"]
[SourceTitle "EXT 2006"]
[Source "ChessBase"]
[SourceDate "2005.11.24"]
[SourceVersion "1"]
[SourceVersionDate "2005.11.24"]
[SourceQuality "1"]

1. e4 Nf6 2. e5 Nd5 3. d4 d6 4. Nf3 Bg4 5. Be2 c6 6. Ng5 Bxe2 7. Qxe2 dxe5 8.
dxe5 e6 9. O-O Nd7 10. Re1 h6 11. Nf3 Qc7 12. Nbd2 O-O-O 13. Nb3 g5 14. h3 Nc5
15. Nbd4 Be7 16. a3 Rhg8 17. c4 Nb6 18. b4 Ncd7 19. g4 h5 20. Bd2 hxg4 21. hxg4
Nf8 22. a4 Ng6 23. a5 Nd7 24. a6 b6 25. Bc3 Rh8 26. Qe4 Rh3 27. Nxc6 Rdh8 28.
Bd2 Bc5 29. bxc5 Nxc5 30. Nxa7+ Qxa7 31. Qc6+ Qc7 32. Qxc7+ Kxc7 33. Nxg5 R3h4
34. f3 Rh1+ 35. Kf2 Nd3+ 36. Ke3 Nxe1 37. Bxe1 Nxe5 38. Bg3 f6 39. Nxe6+ Kd7
40. Nf8+ Ke8 41. Bxe5 fxe5 42. Ra3 1-0

[Event "Helsinki Shakkiklubi"]
[Site "Helsinki"]
[Date "1983.03.18"]
[Round "4"]
[White "Balashov, Yuri S"]
[Black "Wedberg, Tom Birger"]
[Result "1-0"]
[WhiteElo "2540"]
[BlackElo "2500"]
[PlyCount "59"]
[EventDate "1983.03.15"]
[EventType "tourn"]
[EventRounds "11"]
[EventCountry "FIN"]
[EventCategory "9"]
[SourceTitle "MCD"]
[Source "ChessBase"]
[SourceDate "1999.07.01"]
[SourceVersion "1"]
[SourceVersionDate "1999.07.01"]
[SourceQuality "1"]

1. e4 d6 2. d4 Nf6 3. Nc3 g6 4. f4 Bg7 5. Nf3 O-O 6. Bd3 Nc6 7. O-O Bg4 8. e5
dxe5 9. dxe5 Nd5 10. h3 Nxc3 11. bxc3 Bf5 12. Qe2 Qd7 13. Be3 Bxd3 14. cxd3 b5
15. Rad1 f6 16. Bc5 Na5 17. d4 c6 18. exf6 Bxf6 19. Ne5 Qd5 20. Ng4 Rfe8 21. f5
Bg7 22. fxg6 hxg6 23. Qc2 Kh7 24. Rde1 e5 25. Nf6+ Bxf6 26. Rxf6 e4 27. Rd6 Qg5
28. Rxe4 Nc4 29. Rd7+ Kh6 30. Be7 1-0

[Event "Helsinki Shakkiklubi"]
[Site "Helsinki"]
[Date "1983.03.24"]
[Round "9"]
[White "Balashov, Yuri S"]
[Black "Pinter, Jozsef"]
[Result "1-0"]
[WhiteElo "2540"]
[BlackElo "2535"]
[PlyCount "113"]
[EventDate "1983.03.15"]
[EventType "tourn"]
[EventRounds "11"]
[EventCountry "FIN"]
[EventCategory "9"]
[SourceTitle "MCD"]
[Source "ChessBase"]
[SourceDate "1999.07.01"]
[SourceVersion "1"]
[SourceVersionDate "1999.07.01"]
[SourceQuality "1"]

1. e4 e5 2. Nf3 Nc6 3. Bb5 a6 4. Ba4 Nf6 5. O-O Be7 6. Re1 b5 7. Bb3 O-O 8. a4
Bb7 9. d3 d6 10. Nc3 Na5 11. Ba2 b4 12. Ne2 c5 13. Ng3 Bc8 14. c3 bxc3 15. bxc3
Qc7 16. Nd2 Be6 17. Nc4 Nxc4 18. Bxc4 h6 19. Qf3 Bg4 20. Qe3 Nh7 21. f4 exf4
22. Qxf4 Qd7 23. Nf5 Bxf5 24. Qxf5 Nf6 25. Bf4 Ra7 26. a5 Qxf5 27. exf5 d5 28.
Bxa6 Rxa6 29. Rxe7 Rfa8 30. Bc7 Rc6 31. Rae1 c4 32. dxc4 Rxc4 33. R1e3 Ne4 34.
Bb6 Ra4 35. h3 h5 36. Re5 Ra1+ 37. Kh2 h4 38. Rxd5 Ng3 39. Rxg3 hxg3+ 40. Kxg3
Rc8 41. Rd3 Ra4 42. Kf3 Rac4 43. Ke3 Rxc3 44. Rxc3 Rxc3+ 45. Kd4 Rg3 46. a6
Rxg2 47. a7 Ra2 48. Kc5 Kh7 49. Kb5 Rxa7 50. Bxa7 Kh6 51. Bd4 f6 52. Be3+ Kh5
53. Kc6 Kh4 54. Kd5 Kxh3 55. Ke6 Kg4 56. Bc1 Kf3 57. Bb2 1-0

[Event "URS-chT Republics 16th Group2"]
[Site "Moscow"]
[Date "1983.07.19"]
[Round "4"]
[White "Balashov, Yuri S"]
[Black "Dzyuban, Oleg"]
[Result "1-0"]
[WhiteElo "2545"]
[BlackElo "2415"]
[PlyCount "55"]
[EventDate "1983.07.15"]
[EventType "team-tourn"]
[EventRounds "5"]
[EventCountry "URS"]
[SourceTitle "EXT 2020"]
[Source "ChessBase"]
[SourceDate "2019.10.17"]
[SourceVersion "1"]
[SourceVersionDate "2019.10.17"]
[SourceQuality "1"]
[WhiteTeam "Moscow"]
[BlackTeam "Kazakhstan"]
[WhiteTeamCountry "RUS"]
[BlackTeamCountry "KAZ"]

1. e4 e5 2. Nf3 Nc6 3. Bb5 Nf6 4. O-O Nxe4 5. d4 Be7 6. Qe2 d5 7. Nxe5 Bd7 8.
Bxc6 Bxc6 9. Re1 Bd7 10. Nd2 Nd6 11. Nxd7 Qxd7 12. Nf3 f6 13. Bf4 Kf7 14. Qd3
Rad8 15. Bxd6 Qxd6 16. Re3 g6 17. Rae1 Rhe8 18. h4 h5 19. Re6 Qxe6 20. Rxe6
Kxe6 21. Qxg6 Kd7 22. Qxh5 c6 23. Qf5+ Kc7 24. h5 a5 25. Kf1 a4 26. a3 b5 27.
c3 Rd6 28. Qg6 1-0

[Event "URS-chT Republics 16th final A"]
[Site "Moscow"]
[Date "1983.07.26"]
[Round "4"]
[White "Balashov, Yuri S"]
[Black "Azmaiparashvili, Zurab"]
[Result "1-0"]
[WhiteElo "2545"]
[BlackElo "2455"]
[PlyCount "81"]
[EventDate "1983.07.23"]
[EventType "team-tourn"]
[EventRounds "5"]
[EventCountry "URS"]
[SourceTitle "EXT 2020"]
[Source "ChessBase"]
[SourceDate "2019.10.17"]
[SourceVersion "1"]
[SourceVersionDate "2019.10.17"]
[SourceQuality "1"]
[WhiteTeam "Moscow"]
[BlackTeam "Georgia"]
[WhiteTeamCountry "RUS"]
[BlackTeamCountry "GEO"]

1. e4 d6 2. d4 g6 3. Nc3 Bg7 4. Be3 a6 5. Qd2 b5 6. Bd3 Bb7 7. Nf3 Nf6 8. a3
O-O 9. Bh6 c5 10. Bxg7 Kxg7 11. dxc5 dxc5 12. e5 Nd5 13. O-O-O Qa5 14. Bxg6
Nxc3 15. Bf5 Na2+ 16. Kb1 Qxd2 17. Nxd2 Nb4 18. axb4 cxb4 19. f4 Ra7 20. Rhe1
Rd8 21. Bd3 Bd5 22. Re3 Bc4 23. Nxc4 bxc4 24. Be2 Rxd1+ 25. Bxd1 Rc7 26. Be2
Nd7 27. e6 Nf6 28. exf7 c3 29. Bxa6 Kxf7 30. Re5 Nd7 31. Rf5+ Ke6 32. Bd3 Nc5
33. Re5+ Kd6 34. Bxh7 e6 35. Bg6 Na4 36. bxc3 Nxc3+ 37. Kb2 Na4+ 38. Kb3 Nb6
39. Bd3 Nd5 40. g3 Rc3+ 41. Kb2 1-0

[Event "(GER-ch) Internationa06 DSB Mephisto GM"]
[Site "Hannover"]
[Date "1983.08.11"]
[Round "5"]
[White "Glienke, Manfred"]
[Black "Balashov, Yuri S"]
[Result "0-1"]
[WhiteElo "2335"]
[BlackElo "2540"]
[PlyCount "98"]
[EventDate "1983.08.05"]
[EventType "tourn"]
[EventRounds "15"]
[EventCountry "GER"]
[EventCategory "9"]
[SourceTitle "MCL"]
[Source "ChessBase"]
[SourceDate "1999.07.01"]
[SourceVersion "1"]
[SourceVersionDate "1999.07.01"]
[SourceQuality "1"]

1. d4 Nf6 2. Nf3 g6 3. Bf4 Bg7 4. e3 O-O 5. Be2 c5 6. O-O d6 7. h3 Nbd7 8. c3
b6 9. Nbd2 Bb7 10. a4 a6 11. Bh2 Rc8 12. Qb3 Rc7 13. Bc4 Qc8 14. Rfe1 Bxf3 15.
gxf3 Ra7 16. Bf1 d5 17. Bg2 Re8 18. Be5 e6 19. f4 Nh5 20. Bxg7 Nxg7 21. Nf3
cxd4 22. cxd4 Rc7 23. Bf1 Nf5 24. Qa3 Nf6 25. Qd3 a5 26. Qd1 Ne4 27. Bd3 Nfd6
28. Qe2 Ree7 29. Ba6 Qe8 30. Bd3 Qd8 31. Rec1 Qc8 32. Re1 f6 33. Kg2 Rc6 34.
Ba6 Qf8 35. Rec1 Rec7 36. Rxc6 Rxc6 37. Bd3 Qc8 38. Ba6 Qc7 39. Bd3 Nf5 40. Rd1
Nfd6 41. Ne1 Nf5 42. Nf3 Kg7 43. Rg1 Qd6 44. Qe1 Qc7 45. Qe2 h6 46. Kh1 Kf7 47.
Kg2 g5 48. fxg5 hxg5 49. Qd1 Nxe3+ 0-1